| 000 | 00479 a2200157 4500 | ||
|---|---|---|---|
| 999 |
_c213 _d213 |
||
| 008 | 220330b ||||| |||| 00| 0 eng d | ||
| 020 | _a9789280150810 | ||
| 082 | 0 | 0 |
_a623.8886 _bI339 |
| 110 |
_976 _aInternational Maritime Organization |
||
| 245 | _aFire prevention and fire fighting (Model Course 1.20) | ||
| 260 |
_aLondon: _bInternational Maritime Organization, _c2000. |
||
| 300 | _av, 56 p. | ||
| 490 | 0 |
_aModel Course; _v1.20 |
|
| 650 | 0 | _aMerchant Marine | |
| 942 |
_2ddc _cBK |
||